[Event "Sofia MGU op 150th"]
[Site "Sofia"]
[Date "2015.09.20"]
[Round "5"]
[White "Sabov, Borislav"]
[Black "Asparuhov, Parvan"]
[Result "0-1"]
[WhiteElo "1565"]
[BlackElo "1982"]
[PlyCount "58"]
[EventDate "2015.09.19"]
[EventType "swiss"]
[EventRounds "6"]
[EventCountry "BUL"]
[SourceTitle "EXT 2016"]
[Source "ChessBase"]
[SourceDate "2015.10.08"]
[SourceVersion "1"]
[SourceVersionDate "2015.10.08"]
[SourceQuality "1"]

1. d4 d5 2. Nf3 Bf5 3. e3 e6 4. a3 Nf6 5. Bd3 Bg4 6. Nbd2 Be7 7. c4 c6 8. cxd5 exd5 9. b4 a6 10. h3 Bh5 11. Qc2 Nbd7 12. Bb2 Bg6 13. Bf5 0-0 14. Bxg6 hxg6 15. 0-0 Re8 16. Rfe1 Bd6 17. Nb3 Ne4 18. Nfd2 Ndf6 19. Nxe4 Nxe4 20. Nd2 Qf6 21. Nxe4 Rxe4 22. f4 Rae8 23. Qf2 Qe6 24. g3 Qxh3 25. Bc1 g5 26. Bd2 R8e6 27. Qh2 Qg4 28. Qf2 Rh6 29. Re2 gxf4 0-1

[Event "Sunny Beach op-B 13th"]
[Site "Sunny Beach"]
[Date "2014.09.06"]
[Round "1"]
[White "Dimitrov, Petko"]
[Black "Asparuhov, Parvan"]
[Result "1-0"]
[WhiteElo "2243"]
[BlackElo "2100"]
[PlyCount "99"]
[EventDate "2014.09.06"]
[EventType "swiss"]
[EventRounds "9"]
[EventCountry "BUL"]
[SourceTitle "CBM 162 Extra"]
[Source "ChessBase"]
[SourceDate "2014.10.17"]
[SourceVersion "1"]
[SourceVersionDate "2014.10.17"]
[SourceQuality "1"]

1. Nf3 d5 2. g3 Nf6 3. Bg2 Bf5 4. 0-0 e6 5. b3 Be7 6. Bb2 Nbd7 7. d3 c6 8. Re1 0-0 9. Nbd2 Bg4 10. h3 Bh5 11. e4 dxe4 12. dxe4 Bb4 13. a3 Be7 14. e5 Nd5 15. c4 N5b6 16. b4 Qc7 17. Qb3 Rac8 18. Rad1 c5 19. b5 Rcd8 20. a4 Nc8 21. Bc3 Nb8 22. Ne4 Rxd1 23. Rxd1 Rd8 24. a5 b6 25. a6 Nd7 26. Qb2 Nf8 27. Qc1 Bg6 28. Nh2 Rxd1+ 29. Qxd1 Qd8 30. Qe2 Qd7 31. h4 h6 32. Bf3 Bd8 33. Qe3 Ne7 34. g4 Bc7 35. Nf6+ gxf6 36. exf6 e5 37. Qxh6 Ne6 38. fxe7 Qxe7 39. Bd5 Bd3 40. Nf3 Nf4 41. Ng5 Nxd5 42. cxd5 Qd6 43. Qxd6 Bxd6 44. f3 Bxb5 45. Ne4 Be7 46. g5 Bxa6 47. Bxe5 Bb5 48. d6 Bf8 49. Nf6+ Kg7 50. d7 1-0

[Event "Blagoevgrad op"]
[Site "Blagoevgrad"]
[Date "2013.10.04"]
[Round "9"]
[White "Vasilev, Milen"]
[Black "Asparuhov, Parvan"]
[Result "1-0"]
[WhiteElo "2487"]
[BlackElo "2104"]
[PlyCount "73"]
[EventDate "2013.09.28"]
[EventType "swiss"]
[EventRounds "9"]
[EventCountry "BUL"]
[SourceTitle "CBM 156 Extra"]
[Source "ChessBase"]
[SourceDate "2013.10.22"]
[SourceVersion "1"]
[SourceVersionDate "2013.10.22"]
[SourceQuality "1"]

1. d4 d5 2. c4 c6 3. Nf3 Nf6 4. e3 Bf5 5. Nc3 e6 6. Nh4 Bg4 7. Qb3 Qb6 8. h3 Bh5 9. g4 Bg6 10. Qd1 Be4 11. Nxe4 Nxe4 12. Bd3 Be7 13. Nf3 Nd7 14. Qc2 f5 15. Rg1 0-0 16. g5 Rac8 17. c5 Qc7 18. b4 Qd8 19. h4 Qe8 20. Be2 Bd8 21. Ne5 Nxe5 22. dxe5 b6 23. f3 Qh5 24. fxe4 Qxh4+ 25. Kd2 Bxg5 26. Bb2 Qh6 27. Bd4 f4 28. exd5 fxe3+ 29. Kc3 cxd5 30. Rh1 Bh4 31. Rag1 bxc5 32. Bxc5 Rf4 33. Rg4 d4+ 34. Kb3 Rxg4 35. Bxg4 Rd8 36. Qe4 e2 37. Rxh4 1-0

[Event "Blagoevgrad op"]
[Site "Blagoevgrad"]
[Date "2013.10.01"]
[Round "6"]
[White "Okov, Mario"]
[Black "Asparuhov, Parvan"]
[Result "0-1"]
[WhiteElo "1743"]
[BlackElo "2104"]
[PlyCount "66"]
[EventDate "2013.09.28"]
[EventType "swiss"]
[EventRounds "9"]
[EventCountry "BUL"]
[SourceTitle "CBM 156 Extra"]
[Source "ChessBase"]
[SourceDate "2013.10.22"]
[SourceVersion "1"]
[SourceVersionDate "2013.10.22"]
[SourceQuality "1"]

1. d4 d5 2. c4 c6 3. Nf3 Nf6 4. Nc3 a6 5. c5 g6 6. Bf4 Nbd7 7. h3 Bg7 8. e3 0-0 9. Be2 Ne8 10. 0-0 f6 11. Bh2 Nc7 12. b4 e5 13. a4 e4 14. Nd2 f5 15. f4 Ne6 16. Qc2 Qf6 17. Nb3 g5 18. g3 gxf4 19. gxf4 Qh4 20. Rf2 Rf6 21. Bf1 Rh6 22. b5 axb5 23. axb5 Rxa1 24. Nxa1 Nxd4 25. exd4 Bxd4 26. bxc6 bxc6 27. Nb3 Rg6+ 28. Bg2 Bxf2+ 29. Qxf2 Qxh3 30. Qd2 e3 31. Qe2 Ba6 32. Kh1 Bxe2 33. Bxh3 Bf3+ 0-1

[Event "Kesarovski Georgiev Memorial 11th"]
[Site "Sunny Beach"]
[Date "2012.09.01"]
[Round "1"]
[White "Asparuhov, Parvan"]
[Black "Cioara, Andrei Nestor"]
[Result "0-1"]
[WhiteElo "2104"]
[BlackElo "2496"]
[PlyCount "94"]
[EventDate "2012.09.01"]
[EventType "swiss"]
[EventRounds "9"]
[EventCountry "BUL"]
[SourceTitle "CBM 150 Extra"]
[Source "ChessBase"]
[SourceDate "2012.10.19"]
[SourceVersion "1"]
[SourceVersionDate "2012.10.19"]
[SourceQuality "1"]

1. e4 e6 2. d4 d5 3. Nd2 Nf6 4. e5 Nfd7 5. f4 c5 6. c3 Nc6 7. Ndf3 Qb6 8. a3 f6 9. Bd3 Be7 10. Ne2 0-0 11. Qc2 f5 12. Qd1 a5 13. Qa4 cxd4 14. cxd4 Qd8 15. 0-0 Nb6 16. Qd1 Bd7 17. Nc3 Be8 18. Be3 a4 19. Nd2 Na5 20. Qe2 Rc8 21. Rac1 Nbc4 22. Nxc4 Nxc4 23. g4 fxg4 24. Qxg4 Qb6 25. Bf2 Bg6 26. Bxg6 hxg6 27. Nxa4 Qa6 28. Nc3 Rc6 29. b4 Nxa3 30. b5 Nxb5 31. Ra1 Na3 32. Nb1 Qd3 33. Nxa3 Bxa3 34. Rfd1 Qc3 35. Rab1 b6 36. Qxg6 Rxf4 37. Rd3 Rg4+ 38. Qxg4 Qxd3 39. Rf1 Qf5 40. Qh4 Rc8 41. Bg3 Qe4 42. Qxe4 dxe4 43. Re1 Rc1 44. Kf2 Rxe1 45. Kxe1 Bc1 46. Ke2 Kf7 47. Kd1 Be3 0-1

[Event "Golden Sands Europe op 1st"]
[Site "Golden Sands"]
[Date "2012.06.06"]
[Round "3"]
[White "Omar, Noaman"]
[Black "Asparuhov, Parvan"]
[Result "0-1"]
[WhiteElo "2322"]
[BlackElo "2077"]
[PlyCount "107"]
[EventDate "2012.06.04"]
[EventType "swiss"]
[EventRounds "9"]
[EventCountry "BUL"]
[SourceTitle "CBM 148 Extra"]
[Source "ChessBase"]
[SourceDate "2012.06.22"]
[SourceVersion "1"]
[SourceVersionDate "2012.06.22"]
[SourceQuality "1"]

1. d4 d5 2. c4 c6 3. Nf3 Nf6 4. Nc3 a6 5. e3 g6 6. h3 Bg7 7. Bd3 0-0 8. 0-0 Nbd7 9. Qe2 Re8 10. Rd1 b5 11. b3 Bb7 12. Bb2 Rc8 13. Rac1 e6 14. c5 Rf8 15. b4 Qc7 16. Re1 Nh5 17. g4 Nhf6 18. Rcd1 Rcd8 19. a3 Bc8 20. Nb1 Ne8 21. e4 dxe4 22. Bxe4 Nef6 23. Ne5 Nd5 24. Nd3 N7f6 25. Bg2 Bb7 26. Qf3 a5 27. Nd2 axb4 28. axb4 Ra8 29. Ra1 Rfb8 30. g5 Ne8 31. Qg4 Qd8 32. Nf3 Rxa1 33. Rxa1 Ra8 34. Rxa8 Qxa8 35. Nfe5 Qd8 36. h4 Bh8 37. h5 Ng7 38. hxg6 hxg6 39. Nxf7 Kxf7 40. Ne5+ Kg8 41. Nxg6 Nf5 42. Nf4 Nxf4 43. Qxf4 Bxd4 44. Bxd4 Nxd4 45. Qe4 Qd7 46. Qg6+ Kf8 47. Qf6+ Kg8 48. Qg6+ Kf8 49. Qf6+ Ke8 50. Be4 Ne2+ 51. Kf1 Qd1+ 52. Kg2 Qd4 53. Qxe6+ Kd8 54. Kf3 0-1

[Event "BUL-ch sf 76th"]
[Site "Plovdiv"]
[Date "2012.02.12"]
[Round "9"]
[White "Asparuhov, Parvan"]
[Black "Vutov, M Mario"]
[Result "1/2-1/2"]
[WhiteElo "2103"]
[BlackElo "2352"]
[PlyCount "30"]
[EventDate "2012.02.06"]
[EventType "swiss"]
[EventRounds "9"]
[EventCountry "BUL"]
[SourceTitle "CBM 146 Extra"]
[Source "ChessBase"]
[SourceDate "2012.02.29"]
[SourceVersion "1"]
[SourceVersionDate "2012.02.29"]
[SourceQuality "1"]

1. e4 g6 2. d4 Bg7 3. Nf3 d6 4. Bd3 Nf6 5. 0-0 0-0 6. Bg5 c5 7. c3 Bg4 8. Nbd2 cxd4 9. cxd4 Nc6 10. Qb3 Nd7 11. Be3 Qb6 12. Qa3 Qa5 13. Qb3 Qb6 14. Qa3 Qa5 15. Qb3 Qb6 1/2-1/2

[Event "BUL-ch sf 76th"]
[Site "Plovdiv"]
[Date "2012.02.09"]
[Round "5"]
[White "Asparuhov, Parvan"]
[Black "Slavov, Hristo"]
[Result "0-1"]
[WhiteElo "2103"]
[BlackElo "1791"]
[PlyCount "90"]
[EventDate "2012.02.06"]
[EventType "swiss"]
[EventRounds "9"]
[EventCountry "BUL"]
[SourceTitle "CBM 146 Extra"]
[Source "ChessBase"]
[SourceDate "2012.02.29"]
[SourceVersion "1"]
[SourceVersionDate "2012.02.29"]
[SourceQuality "1"]

1. e4 Nf6 2. e5 Nd5 3. d4 d6 4. Nf3 Nb6 5. c4 Nc6 6. exd6 cxd6 7. d5 Ne5 8. b3 g6 9. Nxe5 dxe5 10. Bb2 Bg7 11. Be2 0-0 12. 0-0 e6 13. d6 f5 14. c5 Nd5 15. Bc4 Nf4 16. Kh1 Bd7 17. f3 Qa5 18. Ba3 e4 19. b4 Qd8 20. Qd2 Nxg2 21. Nc3 exf3 22. Rxf3 Nh4 23. Rf2 Bc6+ 24. Kg1 Qf6 25. Bb2 Nf3+ 26. Rxf3 Bxf3 27. Na4 Qh4 28. Bxe6+ Kh8 29. Bxg7+ Kxg7 30. Qc3+ Rf6 31. Qxf3 Qd4+ 32. Kg2 Qxa1 33. Qxb7+ Kh6 34. Qd5 Qe1 35. Bd7 Raf8 36. Qf3 g5 37. Nc3 Qd2+ 38. Kf1 g4 39. Qg3 Qc1+ 40. Kf2 f4 41. Qh4+ Kg7 42. Qg5+ Kh8 43. Qe5 g3+ 44. hxg3 fxg3+ 45. Kxg3 Rg8+ 0-1

[Event "BUL-chT2"]
[Site "Albena"]
[Date "2011.06.03"]
[Round "3.5"]
[White "Vlashki, Nino"]
[Black "Asparuhov, Parvan"]
[Result "0-1"]
[WhiteElo "2243"]
[BlackElo "2077"]
[PlyCount "90"]
[EventDate "2011.06.02"]
[EventType "team-tourn"]
[EventRounds "9"]
[EventCountry "BUL"]
[SourceTitle "CBM 142 Extra"]
[Source "ChessBase"]
[SourceDate "2011.06.27"]
[SourceVersion "1"]
[SourceVersionDate "2011.06.27"]
[SourceQuality "1"]
[WhiteTeam "Blagoevgrad Victory"]
[BlackTeam "Pernik Yuriy Benderev"]
[WhiteTeamCountry "BUL"]
[BlackTeamCountry "BUL"]

1. Nf3 d5 2. g3 c6 3. Bg2 Nf6 4. 0-0 Bf5 5. d3 e6 6. c4 h6 7. Nc3 Nbd7 8. Be3 Bc5 9. Bxc5 Nxc5 10. b4 Ncd7 11. cxd5 cxd5 12. Nd4 Bg6 13. e4 Qb6 14. Nde2 dxe4 15. dxe4 Bh5 16. e5 Nxe5 17. Qa4+ Nfd7 18. Nf4 Bf3 19. Bxf3 Nxf3+ 20. Kg2 Nfe5 21. Rfd1 Rc8 22. Ne4 Rc6 23. Nc5 Nxc5 24. bxc5 Qxc5 25. Rab1 0-0 26. Rxb7 a6 27. Rd2 Qc3 28. Qd1 Qa5 29. Re2 Rcc8 30. Qd4 Rc5 31. Kh3 Qd8 32. Qxd8 Rxd8 33. Ra7 a5 34. Rb2 Rdc8 35. Kg2 Nc6 36. Ra6 Nb4 37. Ra7 e5 38. Nh3 R8c7 39. Ra8+ Kh7 40. a3 Nc2 41. Rb3 f5 42. Rf8 Nd4 43. Re3 Rb7 44. Rd8 Nc2 45. Re2 Nxa3 0-1

[Event "BUL-ch sf 75th"]
[Site "Plovdiv"]
[Date "2011.02.13"]
[Round "9"]
[White "Kolev, Hristian"]
[Black "Asparuhov, Parvan"]
[Result "1/2-1/2"]
[WhiteElo "1775"]
[BlackElo "2068"]
[PlyCount "87"]
[EventDate "2011.02.07"]
[EventType "swiss"]
[EventRounds "9"]
[EventCountry "BUL"]
[SourceTitle "CBM 140 Extra"]
[Source "ChessBase"]
[SourceDate "2011.03.01"]
[SourceVersion "1"]
[SourceVersionDate "2011.03.01"]
[SourceQuality "1"]

1. d4 d5 2. c4 c6 3. Nf3 Nf6 4. Nc3 a6 5. cxd5 cxd5 6. Bf4 Nc6 7. e3 g6 8. Be2 Bg7 9. 0-0 Nh5 10. Be5 Nf6 11. Rc1 e6 12. h3 Nxe5 13. Nxe5 0-0 14. Na4 Ne4 15. Nc5 Nxc5 16. Rxc5 Bxe5 17. dxe5 Bd7 18. Qd4 Rc8 19. Rfc1 Rxc5 20. Qxc5 Qg5 21. Qd4 Rc8 22. Rxc8+ Bxc8 23. Qc5 Qd8 24. b4 Bd7 25. g3 Qc8 26. Qxc8+ Bxc8 27. f4 f6 28. g4 fxe5 29. fxe5 g5 30. Kf2 Bd7 31. Ke1 Bc6 32. Bf1 Kf8 33. Kd2 Ke7 34. Kc3 Kd7 35. Kd4 Kc7 36. Bd3 h6 37. b5 axb5 38. Kc5 Be8 39. Bxb5 Bg6 40. Bf1 Be4 41. a4 b6+ 42. Kb4 Bf3 43. Kb5 Be4 44. Kb4 1/2-1/2

[Event "BUL-ch sf 75th"]
[Site "Plovdiv"]
[Date "2011.02.08"]
[Round "2"]
[White "Asparuhov, Parvan"]
[Black "Andreev, Sasho"]
[Result "0-1"]
[WhiteElo "2068"]
[BlackElo "2228"]
[PlyCount "60"]
[EventDate "2011.02.07"]
[EventType "swiss"]
[EventRounds "9"]
[EventCountry "BUL"]
[SourceTitle "CBM 140 Extra"]
[Source "ChessBase"]
[SourceDate "2011.03.01"]
[SourceVersion "1"]
[SourceVersionDate "2011.03.01"]
[SourceQuality "1"]

1. e4 c5 2. Nc3 e6 3. g3 Nc6 4. Bg2 g6 5. d3 Bg7 6. Be3 Nd4 7. Qd2 d6 8. Nd1 Ne7 9. c3 Ndc6 10. Bh6 0-0 11. Bxg7 Kxg7 12. f4 Rb8 13. Ne2 b5 14. 0-0 b4 15. g4 bxc3 16. bxc3 f5 17. h3 d5 18. e5 d4 19. c4 Qa5 20. Qxa5 Nxa5 21. Ng3 Bb7 22. g5 Bxg2 23. Kxg2 Nec6 24. Rf2 Rb7 25. Nb2 Nb4 26. Rd2 Rfb8 27. Na4 Na6 28. Ne2 Rb4 29. Nxc5 Nxc5 30. Nxd4 Rd8 0-1

[Event "BUL-ch sf 75th"]
[Site "Plovdiv"]
[Date "2011.02.07"]
[Round "1"]
[White "Lalev, Dimitar"]
[Black "Asparuhov, Parvan"]
[Result "1/2-1/2"]
[WhiteElo "2384"]
[BlackElo "2068"]
[PlyCount "52"]
[EventDate "2011.02.07"]
[EventType "swiss"]
[EventRounds "9"]
[EventCountry "BUL"]
[SourceTitle "CBM 140 Extra"]
[Source "ChessBase"]
[SourceDate "2011.03.01"]
[SourceVersion "1"]
[SourceVersionDate "2011.03.01"]
[SourceQuality "1"]

1. d4 d5 2. c4 c6 3. e3 Nf6 4. Nc3 a6 5. a4 g6 6. Nf3 Bg7 7. Qb3 0-0 8. Be2 h6 9. 0-0 e6 10. a5 Nbd7 11. Rd1 Re8 12. Bd2 Bf8 13. Na4 Bd6 14. Bb4 Qe7 15. Bxd6 Qxd6 16. Nc3 Kg7 17. Qc2 Qe7 18. e4 dxe4 19. Nxe4 Nxe4 20. Qxe4 e5 21. dxe5 Nxe5 22. Nxe5 Qxe5 23. Qxe5+ Rxe5 24. Kf1 Be6 25. b3 Re8 26. Bd3 g5 1/2-1/2

[Event "Kesarovski Georgiev Memorial 9th"]
[Site "Sunny Beach"]
[Date "2010.09.05"]
[Round "9"]
[White "Asparuhov, Parvan"]
[Black "Danek, Pavel"]
[Result "1-0"]
[WhiteElo "2074"]
[BlackElo "1952"]
[PlyCount "72"]
[EventDate "2010.08.28"]
[EventType "swiss"]
[EventRounds "9"]
[EventCountry "BUL"]
[SourceTitle "CBM 138 Extra"]
[Source "ChessBase"]
[SourceDate "2010.10.29"]
[SourceVersion "1"]
[SourceVersionDate "2010.10.29"]
[SourceQuality "1"]

1. e4 e6 2. d4 d5 3. Nd2 dxe4 4. Nxe4 Nd7 5. Nf3 Ngf6 6. Nxf6+ Nxf6 7. Bd3 h6 8. 0-0 Bd6 9. Re1 0-0 10. Ne5 c5 11. dxc5 Bxc5 12. Be3 Bxe3 13. Rxe3 b6 14. Qf3 Qd5 15. Qf4 Bb7 16. Rg3 Kh8 17. c4 Qc5 18. Rh3 Qc7 19. Rxh6+ Kg8 20. Qg5 Rfd8 21. Rh3 Qc5 22. Rg3 Ne8 23. Qh5 Qc7 24. Rh3 Kf8 25. Re1 Rd4 26. Qh8+ Ke7 27. Qg8 Rf4 28. Ng6+ Kf6 29. Nxf4 Qxf4 30. Qh7 g5 31. Rh6+ Ke7 32. Rhxe6+ Kd7 33. Re7+ Kd6 34. Rxb7 Nc7 35. Qf5 Re8 36. Rxe8 Qc1+ 1-0

[Event "Kesarovski Georgiev Memorial 9th"]
[Site "Sunny Beach"]
[Date "2010.08.31"]
[Round "4"]
[White "Todorov, Yavor"]
[Black "Asparuhov, Parvan"]
[Result "1/2-1/2"]
[WhiteElo "1959"]
[BlackElo "2074"]
[PlyCount "185"]
[EventDate "2010.08.28"]
[EventType "swiss"]
[EventRounds "9"]
[EventCountry "BUL"]
[SourceTitle "CBM 138 Extra"]
[Source "ChessBase"]
[SourceDate "2010.10.29"]
[SourceVersion "1"]
[SourceVersionDate "2010.10.29"]
[SourceQuality "1"]

1. d4 d5 2. c4 c6 3. Nc3 Nf6 4. Nf3 a6 5. e3 g6 6. Be2 Bg7 7. 0-0 0-0 8. a3 Nbd7 9. b4 dxc4 10. Bxc4 Nb6 11. Bb3 Nbd5 12. Bb2 Nxc3 13. Bxc3 Nd5 14. Bb2 a5 15. Qd2 Bg4 16. Ne1 axb4 17. axb4 Rxa1 18. Bxa1 Qd6 19. Nd3 Bf5 20. Nc5 Bc8 21. e4 Nc7 22. Rd1 Rd8 23. Qe2 e6 24. e5 Qe7 25. Qe1 Nd5 26. Bxd5 exd5 27. Bc3 b6 28. Nb3 Bf5 29. Ra1 Qb7 30. Ra3 Ra8 31. Qa1 Rxa3 32. Qxa3 Bf8 33. h3 Bd3 34. Kh2 Qa6 35. Qxa6 Bxa6 36. Kg3 Be7 37. f4 Kf8 38. Kf3 h5 39. g3 Bf1 40. h4 Bb5 41. Nc1 Ba4 42. Ne2 Bd1 43. Ke3 Bc2 44. Ng1 Ke8 45. Nf3 Bf5 46. Ng5 c5 47. bxc5 bxc5 48. dxc5 Bxc5+ 49. Bd4 Bb4 50. Kf2 Ke7 51. Ke2 Bd7 52. Kf2 Be8 53. Ke2 Kd7 54. Bf2 Ke7 55. Bd4 Bb5+ 56. Kf2 Bd7 57. Ke2 Bg4+ 58. Kf2 Ke8 59. Kf1 Bd1 60. Kf2 Ke7 61. Kf1 Ba4 62. Kf2 Be8 63. Ke2 Kd7 64. Bf2 Kc6 65. Kd3 Kb5 66. Nf3 Kc6 67. Ng5 Be7 68. Nf3 Bd7 69. Nd4+ Kc7 70. Nf3 Bf5+ 71. Kc3 Kd7 72. Ng5 f6 73. exf6 Bxf6+ 74. Bd4 Bd8 75. Kd2 Ba5+ 76. Ke2 Bg4+ 77. Kf2 Kc6 78. Nf7 Kb5 79. Ne5 Bf5 80. Ke2 Ka4 81. Nc6 Bc7 82. Ne5 Kb3 83. Kd2 Ba5+ 84. Ke2 Kc2 85. Nc6 Bd2 86. Ne5 Bc3 87. Ke3 Be1 88. Nf3 Bxg3 89. Bf6 Be4 90. Nd4+ Kd1 91. Ne2 Be1 92. Nc3+ Bxc3 93. Bxc3 1/2-1/2

[Event "Kesarovski Georgiev Memorial 9th"]
[Site "Sunny Beach"]
[Date "2010.08.30"]
[Round "3"]
[White "Asparuhov, Parvan"]
[Black "Raeva, Elitsa"]
[Result "0-1"]
[WhiteElo "2074"]
[BlackElo "2286"]
[PlyCount "70"]
[EventDate "2010.08.28"]
[EventType "swiss"]
[EventRounds "9"]
[EventCountry "BUL"]
[SourceTitle "CBM 138 Extra"]
[Source "ChessBase"]
[SourceDate "2010.10.29"]
[SourceVersion "1"]
[SourceVersionDate "2010.10.29"]
[SourceQuality "1"]

1. e4 c5 2. Nf3 d6 3. d4 cxd4 4. Nxd4 Nf6 5. Nc3 a6 6. Be2 e5 7. Nb3 Be7 8. Be3 0-0 9. a4 Be6 10. 0-0 Nbd7 11. f3 Rc8 12. Nd5 Bxd5 13. exd5 Nb6 14. Bxb6 Qxb6+ 15. Kh1 Qe3 16. Re1 Qh6 17. c3 Nh5 18. Qd3 Bh4 19. Red1 Bf2 20. g4 Nf4 21. Qd2 Qh3 22. Rg1 Bxg1 23. Rxg1 f5 24. Rg3 Qh4 25. Bf1 fxg4 26. Rxg4 Qh5 27. c4 Ng6 28. Bg2 Rf4 29. c5 Rxg4 30. fxg4 Qxg4 31. cxd6 Nh4 32. d7 Qxd7 33. d6 Nxg2 34. Qd5+ Qf7 35. d7 Rc1+ 0-1

[Event "Ognjanovo Strugov Memorial 1st"]
[Site "Ognjanovo"]
[Date "2010.04.18"]
[Round "6"]
[White "Kamenov, Valentin"]
[Black "Asparuhov, Parvan"]
[Result "0-1"]
[WhiteElo "1788"]
[BlackElo "2074"]
[PlyCount "23"]
[EventDate "2010.04.16"]
[EventType "swiss"]
[EventRounds "7"]
[EventCountry "BUL"]
[SourceTitle "CBM 135 Extra"]
[Source "ChessBase"]
[SourceDate "2010.05.04"]
[SourceVersion "1"]
[SourceVersionDate "2010.05.04"]
[SourceQuality "1"]

1. e4 e5 2. Nf3 Nc6 3. d4 exd4 4. Nxd4 Nxd4 5. Qxd4 Ne7 6. Be3 Nc6 7. Qd2 Bb4 8. c3 Be7 9. g3 Ne5 10. f4 Nf3+ 11. Kf2 Nxd2 12. Nxd2 0-1

[Event "Ognjanovo Strugov Memorial 1st"]
[Site "Ognjanovo"]
[Date "2010.04.17"]
[Round "3"]
[White "Asparuhov, Parvan"]
[Black "Nikolov, Sasho"]
[Result "0-1"]
[WhiteElo "2074"]
[BlackElo "2409"]
[PlyCount "60"]
[EventDate "2010.04.16"]
[EventType "swiss"]
[EventRounds "7"]
[EventCountry "BUL"]
[SourceTitle "CBM 135 Extra"]
[Source "ChessBase"]
[SourceDate "2010.05.04"]
[SourceVersion "1"]
[SourceVersionDate "2010.05.04"]
[SourceQuality "1"]

1. e4 c5 2. c3 Nf6 3. e5 Nd5 4. d4 cxd4 5. Nf3 e6 6. cxd4 d6 7. Nc3 Nxc3 8. bxc3 Qc7 9. Qb3 Nd7 10. exd6 Bxd6 11. Bd3 0-0 12. 0-0 b6 13. Ba3 Bb7 14. Ng5 Nf6 15. Bxd6 Qxd6 16. f3 Rac8 17. Ne4 Nxe4 18. fxe4 e5 19. Qb2 Rfd8 20. Qb3 Rc7 21. Bc4 exd4 22. Bxf7+ Kh8 23. Bd5 Bxd5 24. exd5 Rxc3 25. Qa4 Qxd5 26. Rae1 h6 27. Re7 d3 28. Qxa7 Rc2 29. Qb7 Qxb7 30. Rxb7 d2 0-1

[Event "BUL-ch op 32th"]
[Site "Plovdiv"]
[Date "2010.02.01"]
[Round "2"]
[White "Asparuhov, Parvan"]
[Black "Janev, Evgeni"]
[Result "0-1"]
[WhiteElo "2107"]
[BlackElo "2461"]
[PlyCount "68"]
[EventDate "2010.01.31"]
[EventType "swiss"]
[EventRounds "9"]
[EventCountry "BUL"]
[SourceTitle "CBM 134 Extra"]
[Source "ChessBase"]
[SourceDate "2010.03.03"]
[SourceVersion "1"]
[SourceVersionDate "2010.03.03"]
[SourceQuality "1"]

1. d4 Nf6 2. c4 c5 3. e3 cxd4 4. exd4 g6 5. Nf3 Bg7 6. Be2 0-0 7. Nc3 d6 8. 0-0 Bf5 9. Qb3 Qd7 10. Bf4 h6 11. Nh4 Nc6 12. Nxf5 gxf5 13. Qd1 e5 14. dxe5 dxe5 15. Be3 f4 16. Bc5 Rfd8 17. Bf3 Qf5 18. Qe2 e4 19. Nxe4 Nxe4 20. Qxe4 Qxc5 21. Qxf4 Nd4 22. Rac1 Rd6 23. Bd1 Rad8 24. Qe4 b5 25. b3 b4 26. Qb7 Re6 27. Kh1 Re7 28. Qa6 Rd6 29. Qa4 a5 30. h3 h5 31. Rb1 Qf5 32. Rc1 Rg6 33. f4 Re3 34. Kh2 Rxg2+ 0-1